analytical study of child sexual abuse in Beed district (Record no. 39597)
[ view plain ]
| 000 -LEADER | |
|---|---|
| fixed length control field | 00428nam a22001457a 4500 |
| 082 ## - DEWEY DECIMAL CLASSIFICATION NUMBER | |
| Classification number | RQ.0022 |
| 100 ## - MAIN ENTRY--AUTHOR NAME | |
| Personal name | Patil, Arundhati Suryakant |
| 245 ## - TITLE STATEMENT | |
| Title | analytical study of child sexual abuse in Beed district |
| 260 ## - PUBLICATION, DISTRIBUTION, ETC. (IMPRINT) | |
| Place of publication | New Delhi : |
| Name of publisher/Sponsor | Indian Council of Social Science Researh, |
| Year of publication | ©2011 |
| 300 ## - PHYSICAL DESCRIPTION | |
| Number of Pages | 65p. |
| 650 ## - SUBJECT ADDED ENTRY--TOPICAL TERM | |
| Topical Term | Child sexual abuse |
| 650 ## - SUBJECT ADDED ENTRY--TOPICAL TERM | |
| Topical Term | Child molestation |
| 650 ## - SUBJECT ADDED ENTRY--TOPICAL TERM | |
| Topical Term | Sexual abuse of children |
| 942 ## - ADDED ENTRY ELEMENTS (KOHA) | |
| Source of classification or shelving scheme | Dewey Decimal Classification |
| Koha item type | Research Reports |
| Withdrawn status | Lost status | Damaged status | Not for loan | Home library | Current library | Date acquired | Full call number | Accession Number | Price effective from | Koha item type |
|---|---|---|---|---|---|---|---|---|---|---|
| NASSDOC Library | NASSDOC Library | 30/04/2024 | RQ.0022 | 53868 | 30/04/2024 | Research Reports |
